| 000 | 00330nam a2200109Ia 4500 | ||
|---|---|---|---|
| 008 | 171211s9999 xx 000 0 und d | ||
| 245 | 4 | _aThe Saint in the Banyan Tree: Christianity and Caste Society in India | |
| 245 | _cDavid Mosse | ||
| 260 | _c2012 | ||
| 650 | _xReligion | ||
| 856 | _uhttp://down.ebook777.com/063/0520273494.pdf | ||
| 999 |
_c350494 _d350494 |
||